The elementary principles of Christ : (Record no. 10479)

MARC details
000 -LEADER
fixed length control field 00556nam a22001937a 4500
003 - CONTROL NUMBER IDENTIFIER
control field GBCCL
005 - DATE AND TIME OF LATEST TRANSACTION
control field 20241126110733.0
008 - FIXED-LENGTH DATA ELEMENTS--GENERAL INFORMATION
fixed length control field 240808b ||||| |||| 00| 0 eng d
020 ## - INTERNATIONAL STANDARD BOOK NUMBER
International Standard Book Number 898314369X
040 ## - CATALOGING SOURCE
Transcribing agency GBC
082 ## - DEWEY DECIMAL CLASSIFICATION NUMBER
Classification number 238.11
Item number JON
100 ## - MAIN ENTRY--PERSONAL NAME
Personal name Jong, Paul C
9 (RLIN) 13208
245 ## - TITLE STATEMENT
Title The elementary principles of Christ :
Remainder of title the faith of the Apostles' creed /
Statement of responsibility, etc. Paul C Jong
260 ## - PUBLICATION, DISTRIBUTION, ETC.
Place of publication, distribution, etc. Seoul, Korea,
Name of publisher, distributor, etc. Hephzibah Pub. House,
Date of publication, distribution, etc. 2003
300 ## - PHYSICAL DESCRIPTION
Extent 226 pages :
Other physical details illustrations
650 ## - SUBJECT ADDED ENTRY--TOPICAL TERM
Topical term or geographic name entry element Creeds
9 (RLIN) 8560
650 ## - SUBJECT ADDED ENTRY--TOPICAL TERM
Topical term or geographic name entry element Faith
9 (RLIN) 2645
942 ## - ADDED ENTRY ELEMENTS (KOHA)
Source of classification or shelving scheme Dewey Decimal Classification
Koha item type Books
Holdings
Withdrawn status Lost status Source of classification or shelving scheme Damaged status Not for loan Home library Current Library Shelving location Date acquired Total checkouts Full call number Barcode Date last seen Copy number Price effective from Koha item type
    Dewey Decimal Classification     GRACE BIBLE COLLEGE GRACE BIBLE COLLEGE Theology 2024-08-08   238.11 JON 020075 2025-05-01 c.1 2024-08-08 Books
© Grace Bible College Library 2025